Online Public Access Catalogue

Understanding Nursing Reserch (Record no. 8482)

MARC details
000 -LEADER
fixed length control field 00365nam a2200145Ia 4500
020 ## - INTERNATIONAL STANDARD BOOK NUMBER
International Standard Book Number 9788131240632
082 ## - DEWEY DECIMAL CLASSIFICATION NUMBER
Classification number 610.73072
Author Mark GRO
100 ## - MAIN ENTRY--PERSONAL NAME
Author Name Grove, Susan k.
245 #0 - TITLE STATEMENT
Title Understanding Nursing Reserch
250 ## - EDITION STATEMENT
Edition statement 6 th
260 ## - PUBLICATION, DISTRIBUTION, ETC.
Name of publisher, distributor, etc. Elsevier
Date of publication, distribution, etc. 2015
300 ## - PHYSICAL DESCRIPTION
No of Pages xi; 530p.
650 ## - SUBJECT ADDED ENTRY--TOPICAL TERM
Subject Nursing
Keywords Nursing Research
-- Quantitative Research
-- IMDC
942 ## - ADDED ENTRY ELEMENTS (KOHA)
Koha item type Books
Source of classification or shelving scheme
Holdings
Item status Home library Current library Shelving location Date acquired Total Checkouts Full call number Barcode Date last seen Date last checked out Koha item type Total Renewals
  Islamabad Medical and Dental College Islamabad Medical and Dental College Islamabad Medical and Dental College 16/03/2018 2 610.73072 GRO 10266 16/10/2025 01/10/2025 Books  
  Islamabad Medical and Dental College Islamabad Medical and Dental College Islamabad Medical and Dental College 16/03/2018 1 610.73072 GRO 10267 24/08/2023 03/08/2023 Books  
  Islamabad Medical and Dental College Islamabad Medical and Dental College Islamabad Medical and Dental College 16/03/2018 1 610.73072 GRO 10268 24/08/2023 03/08/2023 Books  
  Islamabad Medical and Dental College Islamabad Medical and Dental College Islamabad Medical and Dental College 16/03/2018 1 610.73072 GRO 10269 11/12/2020 03/12/2019 Books  
  Islamabad Medical and Dental College Islamabad Medical and Dental College Islamabad Medical and Dental College 16/03/2018 2 610.73072 GRO 10270 22/04/2024 13/03/2024 Books 1

Copyright @ IMDC Library
Islamabad Medical and Dental College
Bhara Kahu, Islamabad

  Contact the Librarian, IMDC
  Email:: library@imdcollege.edu.pk

  OPAC Customized by
  Mazhar Hussain,
  Librarian:
  Islamabad Medical and Dental College
  Email:: library@imdcollege.edu.pk